Abuja (Record no. 38015)

MARC details
000 -LEADER
fixed length control field 00436nam a2200157Ia 4500
022 ## - INTERNATIONAL STANDARD SERIAL NUMBER
ISSN HC 1055 .Z7/
050 ## - CALL MARK
Classification number Abuja environmental protection board digest
245 #0 - TITLE STATEMENT
Title Abuja
260 ## - PUBLICATION, DISTRIBUTION, ETC. (IMPRINT)
Place of publication Abuja environmental protection board, fct
260 ## - PUBLICATION, DISTRIBUTION, ETC. (IMPRINT)
Name of publisher 2013
260 ## - PUBLICATION, DISTRIBUTION, ETC. (IMPRINT)
Year of publication v. : col. : ill. , Pic. ; 10 cm.
300 ## - PHYSICAL DESCRIPTION
Number of Pages Economics--Periodicals.
650 ## - SUBJECT ADDED ENTRY--TOPICAL TERM
Topical Term SR

No items available.